| 000 | 00372nam a2200145 a 4500 | ||
|---|---|---|---|
| 001 | 3672 | ||
| 003 | CDMR | ||
| 005 | 20130326122939.0 | ||
| 008 | 130130s1992||||||||||||||||||||||||||||d | ||
| 040 |
_aCDMR _bcat _cCPC LLEIDA |
||
| 100 | 1 |
_aCourt, Antoine _91370 |
|
| 245 | 1 | 3 |
_aUn génie en fragments _bLamartine _cCOURT, Antoine |
| 260 |
_aLleida _c1992 _bPagès |
||
| 942 |
_cMON _2udc |
||
| 999 |
_c3672 _d3672 |
||